000
00277nam a22001337a 4500
082
_a
425
_b
SHA/I
100
_a
SHARMA
100
_a
KUMAR
245
_a
IMPROVE YOUR WORD POWER
260
_a
AGRA
_b
M.I PUBLICATIONS
300
_a
160
650
_a
VOCABULARY
_z
DELHI
942
_c
BK
999
_c
4090
_d
4090